Sports Quiz

Random Sports or NBA Quiz

NCAA and NBA Title Quiz Stats

 Plays Quiz Updated Jul 6, 2018

Score 0/44 Timer 07:00
6 Plays Today
NCAA Team Player % Correct
North CarolinaMichael Jordan
84.9%
Michigan StateMagic Johnson
82.1%
UCLAKareem Abdul-Jabbar
66.7%
UCLABill Walton
65.1%
San FranciscoBill Russell
60.8%
ConnecticutRichard Hamilton
55.2%
IndianaIsiah Thomas
52%
North CarolinaJames Worthy
50.7%
KansasMario Chalmers
47%
DukeShane Battier
40.8%
UNCDanny Green
34.4%
Holy CrossBob Cousy
32.3%
San FranciscoK.C. Jones
27%
KentuckyAntoine Walker
27%
Ohio StateJohn Havlicek
26.9%
MichiganGlen Rice
24.4%
ArkansasCorliss Williamson
23.1%
UCLALucius Allen
21.7%
FloridaCorey Brewer
19%
Ohio StateJerry Lucas
15.5%
ArizonaJason Terry
13.1%
KansasBrandon Rush
10.1%
NCAA Team Player % Correct
UCLAGail Goodrich
10.1%
LouisvilleBilly Thompson
9.5%
UCLAJamaal Wilkes
9.1%
FloridaMarreese Speights
8.7%
KentuckyDerek Anderson
7%
UCLAHenry Bibby
7%
KentuckyNazr Mohammed
6%
IndianaQuinn Buckner
5.6%
MarquetteAlfred Lee
4.8%
La SalleTom Gola
4.7%
KansasSasha Kaun
3.5%
LouisvilleMilt Wagner
2.8%
LouisvilleRodney McCray
2.8%
KentuckyFrank Ramsey
2.3%
KansasClyde Lovellette
2%
KentuckyCliff Hagan
1.9%
Ohio StateLarry Siegfried
1.5%
UtahArnie Ferrin
0.9%
UCLAKeith Erickson
0.8%
CincinnatiTom Thacker
0.7%
CincinnatiRon Bonham
0.5%
KentuckyLou Tsioropoulos
0.4%

You're not logged in!

Compare scores with friends on all Sporcle quizzes.
OR
Log In

Sporcle TV

Today on Sporcle TV


Watch our educational content, quiz creation guides, and fun videos on Sporcle TV.

Show Comments

Extras

Top Quizzes Today


Score Distribution

Your Account Isn't Verified!

In order to create a playlist on Sporcle, you need to verify the email address you used during registration. Go to your Sporcle Settings to finish the process.

Report this User

Report this user for behavior that violates our Community Guidelines.

Details: